ARRUPE JESUIT UNIVERSITY

CORONAVIRUS -STOP THE SPREAD - CLEAN,DISINFECT,COVER

Chenga ose : (Record no. 130450)

MARC details
000 -LEADER
fixed length control field 00688cam a2200229 a 4500
001 - CONTROL NUMBER
control field 491883
003 - CONTROL NUMBER IDENTIFIER
control field ARRUPE
005 - DATE AND TIME OF LATEST TRANSACTION
control field 20200319123527.0
008 - FIXED-LENGTH DATA ELEMENTS--GENERAL INFORMATION
fixed length control field 850315s1983 rh 000 0 sna
010 ## - LIBRARY OF CONGRESS CONTROL NUMBER
LC control number 84223058
020 ## - INTERNATIONAL STANDARD BOOK NUMBER
International Standard Book Number 0086222287
040 ## - CATALOGING SOURCE
Original cataloging agency DLC
Transcribing agency DLC
Modifying agency DLC
050 00 - LIBRARY OF CONGRESS CALL NUMBER
Classification number PL8681.9.M6
Item number C45 1983
300 ## - PHYSICAL DESCRIPTION
Dimensions 18 cm.
100 1# - MAIN ENTRY--PERSONAL NAME
Personal name Moyo, Aaron C.,
Dates associated with a name 1950-
9 (RLIN) 49760
245 10 - TITLE STATEMENT
Title Chenga ose :
Remainder of title mutambo /
Statement of responsibility, etc wakanyorwa naAaron Chiundura.
260 ## - PUBLICATION, DISTRIBUTION, ETC. (IMPRINT)
Place of publication, distribution, etc Gweru, Zimbabwe :
Name of publisher, distributor, etc Mambo Press,
Date of publication, distribution, etc 1983.
300 ## - PHYSICAL DESCRIPTION
Extent 71 p. ;
440 #0 - SERIES STATEMENT/ADDED ENTRY--TITLE
Title Membo writers series.
Name of part/section of a work Shona section ;
Volume number/sequential designation v. 14
9 (RLIN) 49761
500 ## - GENERAL NOTE
General note In Shona.
906 ## - LOCAL DATA ELEMENT F, LDF (RLIN)
a 7
b cbc
c orignew
d 4
e ncip
f 19
g y-gencatlg
942 ## - ADDED ENTRY ELEMENTS (KOHA)
Source of classification or shelving scheme Library of Congress Classification
Koha item type Monograph ( Printed materials)
Holdings
Withdrawn status Lost status Source of classification or shelving scheme Damaged status Not for loan Collection code Home library Current library Shelving location Date acquired Total Checkouts Full call number Barcode Date last seen Price effective from Koha item type
    Library of Congress Classification     Main Collection ARRUPE LIBRARY ARRUPE LIBRARY Main Collection 19/03/2020   PL8681.9.M6 C45 1983 46600007254 19/03/2020 19/03/2020 Monograph ( Printed materials)

 

Arrupe Library. PO Box MP320 Mt Pleasant, Harare, Zimbabwe
263 242 745411|librarian@aju.ac.zw